000
00171nam a22000857a 4500
999
_c
12468
_d
12468
082
_a
297
100
_a
Abul Ala Mawdudi
245
_a
Towards Understanding Islam
942
_c
BK